000 00345nam a22001217a 4500
999 _c1784
_d1784
005 20200903142954.0
008 200903b ||||| |||| 00| 0 eng d
020 _a0773052283
040 _cCML
245 _aBusiness Mathematics.
_cThompson, J.
260 _aToronto
_bCopp Clark Longman Ltd.
_c1994
942 _2ddc
_cBK
_h658
_mTHO